Dunkin' Donuts' Branches in Singapore - Statistics

General Stats
  • This quiz has been taken 7 times
  • The average score is 5 of 22
Answer Stats
Answer % Correct
ION Orchard
57%
Plaza Singapura
57%
City Square Mall
43%
Sun Plaza
43%
Waterway Point
43%
Bedok Mall
29%
Causeway Point
29%
Far East Plaza
29%
Funan Mall
29%
Jurong Point
29%
Northpoint City
29%
Tampines MRT
29%
AMK Hub
14%
Changi T2 Departure Transit
14%
HarbourFront
14%
Pasir Ris Mall
14%
Paya Lebar MRT
14%
Suntec City Mall
14%
Hillion Mall
0%
Raffles Holland V Mall
0%
West Mall
0%
Woodleigh Mall
0%
No matching quizzes found
Score Distribution
Percent of People with Each Score
Percentile by Number Answered
Your Score History
You have not taken this quiz